Detalles MARC
| 000 -CABECERA |
| campo de control de longitud fija |
01130nam a2200253 a 4500 |
| 001 - NÚMERO DE CONTROL |
| campo de control |
000027368 |
| 005 - FECHA Y HORA DE LA ÚLTIMA TRANSACCIÓN |
| campo de control |
20240226143926.0 |
| 008 - DATOS DE LONGITUD FIJA--INFORMACIÓN GENERAL |
| campo de control de longitud fija |
110331s1970 dr a r 000 | spa d |
| 040 ## - FUENTE DE LA CATALOGACIÓN |
| Centro catalogador/agencia de origen |
DO-SdBNP |
| Lengua de catalogación |
spa |
| Centro/agencia transcriptor |
BNPHU |
| 082 ## - NÚMERO DE LA CLASIFICACIÓN DECIMAL DEWEY |
| Número de clasificación |
027.84 |
| Número de documento/Ítem |
C762t |
| 100 1# - ENTRADA PRINCIPAL--NOMBRE DE PERSONA |
| Nombre de persona |
Contín, Silvestre Emilio, |
| Fechas asociadas al nombre |
1904- |
| 9 (RLIN) |
34485 |
| 245 10 - MENCIÓN DE TÍTULO |
| Título |
Tratado sobre organización de archivos / |
| Mención de responsabilidad, etc. |
Silvestre Emilio Contín. |
| 260 ## - PUBLICACIÓN, DISTRIBUCIÓN, ETC. |
| Lugar de publicación, distribución, etc. |
Santo Domingo : |
| Nombre del editor, distribuidor, etc. |
Imprenta Núñez, |
| Fecha de publicación, distribución, etc. |
1970. |
| 300 ## - DESCRIPCIÓN FÍSICA |
| Extensión |
184 p. : |
| Otras características físicas |
il. ; |
| Dimensiones |
22 cm. |
| 504 ## - NOTA DE BIBLIOGRAFÍA, ETC. |
| Nota de bibliografía, etc. |
Bibliografía : p.180. |
| 500 ## - NOTA GENERAL |
| Nota general |
En la portada: Curso completo sobre la técnica moderna de organizar y archivar correspondencia y documentos. Archivos de Oficinas del Estado; Archivos de Partidos Políticos; Archivos de Oficinas de Profesionales y Archivos de Empresas Industriales y Comerciales. |
| 590 ## - NOTA LOCAL (RLIN) |
| Nota local |
Inventariado,2018/DG |
| 650 #4 - PUNTO DE ACCESO ADICIONAL DE MATERIA--TÉRMINO DE MATERIA |
| Término de materia o nombre geográfico como elemento de entrada |
Enseñanza de la archivología |
| 9 (RLIN) |
54444 |
| 650 #4 - PUNTO DE ACCESO ADICIONAL DE MATERIA--TÉRMINO DE MATERIA |
| Término de materia o nombre geográfico como elemento de entrada |
Organización de archivos de oficina |
| 9 (RLIN) |
54445 |
| 650 #4 - PUNTO DE ACCESO ADICIONAL DE MATERIA--TÉRMINO DE MATERIA |
| Término de materia o nombre geográfico como elemento de entrada |
Administración de archivos |
| 9 (RLIN) |
54446 |
| 650 #4 - PUNTO DE ACCESO ADICIONAL DE MATERIA--TÉRMINO DE MATERIA |
| Término de materia o nombre geográfico como elemento de entrada |
Archivología |
| 9 (RLIN) |
54447 |
| 650 #4 - PUNTO DE ACCESO ADICIONAL DE MATERIA--TÉRMINO DE MATERIA |
| Término de materia o nombre geográfico como elemento de entrada |
Archivos |
| Subdivisión geográfica |
República Dominicana |
| 9 (RLIN) |
54448 |
| 910 ## - DATOS DE OPCIÓN DEL USUARIO (OCLC) |
| Datos de opción del usuario |
Validado. Control de calidad. EMS |